Globalisation, development and transition : (Record no. 598329)
[ view plain ]
| 000 -LEADER | |
|---|---|
| fixed length control field | 00349nam a2200121Ia 4500 |
| 008 - FIXED-LENGTH DATA ELEMENTS--GENERAL INFORMATION | |
| fixed length control field | 230907s9999||||xx |||||||||||||| ||und|| |
| 082 ## - DEWEY DECIMAL CLASSIFICATION NUMBER | |
| Classification number | 337 |
| Author Mark | SNO |
| 100 ## - MAIN ENTRY--PERSONAL NAME | |
| Personal name | Snowdon, Brian |
| 9 (RLIN) | 115404 |
| 245 #0 - TITLE STATEMENT | |
| Title | Globalisation, development and transition : |
| 260 ## - PUBLICATION, DISTRIBUTION, ETC. | |
| Place of publication, distribution, etc. | Edward Elgar Publishing Inc., |
| Name of publisher, distributor, etc. | Cheltonham : |
| Date of publication, distribution, etc. | 2007 |
| 300 ## - PHYSICAL DESCRIPTION | |
| Extent | xviii, 537 p. |
| 942 ## - ADDED ENTRY ELEMENTS (KOHA) | |
| Koha item type | Book |
| Withdrawn status | Lost status | Damaged status | Not for loan | Permanent Location | Current Location | Date acquired | Total Checkouts | Full call number | Barcode | Date last seen | Price effective from | Koha item type |
|---|---|---|---|---|---|---|---|---|---|---|---|---|
| US-Pakistan Center for Advanced Studies in Energy (USPCAS-E) | US-Pakistan Center for Advanced Studies in Energy (USPCAS-E) | 08/03/2018 | 337 SNO | CAS-E0002428 | 09/12/2023 | 09/12/2023 | Book |
